[Event "HCL-B3885"]
[Site "www.playchess.de"]
[Date "2006.03.19"]
[Round "7"]
[White "RUDI"]
[Black "GMO"]
[WhiteElo "1277"]
[BlackElo "1342"]
[PlyCount "49"]
[Result "0-1"]

1.c4 {HELLO AGAIN}  e5 {Hi...}  2.Nc3 Bb4 3.a3 
Bxc3 4.dxc3 d6 5.e3 Nf6 6.Nf3 O-O 7.Be2 h6 8.O-O 
Nc6 9.b4 a6 10.Bd3 Be6 11.Nd2 Re8 12.e4 Na7 13.f3 
Rc8 14.Kh1 c5 15.Rf2 Nh5 16.Nf1 Nc6 17.Be3 cxb4 
18.cxb4 Qf6 19.Qd2 Qg6 20.c5 dxc5 21.Bxc5 Rcd8 
22.Rc1 Nd4 23.Bxd4 Rxd4 24.Qe2 Nf4 
25.Ng3 0-1

[Event "HCL-E1598"]
[Site "www.playchess.de"]
[Date "2006.03.19"]
[Round "11"]
[White "shepherd"]
[Black "Tarrega"]
[WhiteElo "1652"]
[BlackElo "1779"]
[PlyCount "44"]
[Result "0-1"]

1.e4 e5 {Hi and good luck}  2.Nf3 Nc6 3.Bc4 Nf6 
4.Ng5 d5 5.exd5 Na5 6.Bb5+ c6 7.dxc6 bxc6 8.Ba4 h6 
9.Nf3 e4 10.Qe2 Bd6 11.c3 O-O 12.Nd4 Bg4 13.Qf1 c5 
14.Nc6 Nxc6 15.Bxc6 Rb8 16.Qc4 Be6 17.Qa4 Qc7 
18.O-O Bxh2+ 19.Kh1 Qf4 20.d4 Qh4 21.Re1 Ng4 
22.Bxe4 Nxf2+ 0-1

[Event "HCL-B3868"]
[Site "www.playchess.de"]
[Date "2006.03.19"]
[Round "18"]
[White "SAROS"]
[Black "sundfar"]
[WhiteElo "1233"]
[BlackElo "1373"]
[PlyCount "96"]
[Result "0-1"]

1.Nf3 d5 2.g3 Nf6 3.d4 g6 4.Bg2 Bg7 5.O-O O-O 
6.Re1 Nc6 7.c3 a5 8.a4 Bf5 9.Nh4 Bxb1 10.Rxb1 e5 
11.e3 e4 12.Bh1 Qd7 13.b3 Rfe8 14.Ng2 Qf5 15.Qe2 
Ng4 16.Bb2 Ne7 17.Ref1 Qh5 18.h4 g5 19.f3 exf3 
20.Qxf3 f5 21.Rf2 Ra6 22.e4 dxe4 23.Qe2 Rh6 24.Ba3 
Nxf2 25.Kxf2 gxh4 26.Qxh5 hxg3+ 27.Kxg3 Rxh5 
28.Nf4 Rg5+ 29.Kf2 Ng6 30.Bc1 Nxf4 31.Bxf4 Rg4 
32.Ke3 Re7 33.Rb2 h5 34.Rh2 h4 35.Bg2 c5 36.dxc5 
Bxc3 37.Bh3 Bd4+ 38.Kxd4 Rxf4 39.Bg2 e3+ 40.Kd3 e2 
41.Bd5+ Kf8 42.Rxe2 Rd7 43.Re5 h3 44.Ke3 Rf1 45.c6 
bxc6 46.Bxc6 Re7 47.Rxe7 Kxe7 48.Bb5 
Rc1 0-1

[Event "HCL-E1592"]
[Site "www.playchess.de"]
[Date "2006.03.19"]
[Round "18"]
[White "froilo"]
[Black "chess50"]
[WhiteElo "1526"]
[BlackElo "2020"]
[PlyCount "34"]
[Result "0-1"]

1.Nf3 d5 2.b3 Bg4 3.e3 e5 4.Be2 Nc6 5.Bb2 Bd6 6.d3 
Nf6 7.Nbd2 O-O 8.O-O Bf5 9.a3 e4 10.Nd4 Nxd4 
11.Bxd4 c5 12.Bb2 Bc7 13.f4 Qe7 14.d4 Bb6 15.c3 
Qd7 16.b4 Ng4 17.Nb3 Nxe3 0-1

[Event "HCL-T264"]
[Site "www.playchess.de"]
[Date "2006.03.19"]
[Round "20"]
[White "pruliere"]
[Black "Frost666"]
[WhiteElo "1784"]
[BlackElo "1172"]
[PlyCount "28"]
[Result "0-1"]

1.e4 e5 2.Nf3 Nc6 3.Bb5 a6 4.Bxc6 dxc6 5.O-O f6 
6.c3 Bg4 7.h3 Be6 8.d4 exd4 9.cxd4 Qd7 10.Kh2 
O-O-O 11.Nc3 g5 12.g4 h5 13.d5 Qh7 14.Rh1 
hxg4 0-1

[Event "HCL-E1525"]
[Site "www.playchess.de"]
[Date "2006.03.19"]
[Round "17"]
[White "Glomp"]
[Black "BigAl"]
[WhiteElo "1598"]
[BlackElo "1540"]
[PlyCount "46"]
[Result "0-1"]

1.e4 {Merry Christmas and good luck in this game!} 
 g6 {Many thanks, I hope you a great Christmas, 
and all the very best for the New Year}  2.d4 e6 
3.c3 d5 4.e5 Bg7 5.Nf3 Ne7 6.Bd3 O-O 7.Be3 Nd7 
8.O-O f6 9.exf6 Nxf6 10.Qd2 Ng4 11.Bf4 Nc6 12.h3 
e5 13.Nxe5 Ngxe5 14.dxe5 Nxe5 15.Bc2 Nc4 16.Qc1 
Nxb2 17.Bxc7 Qxc7 18.Qxb2 Qf4 19.Bb3 Be6 20.Nd2 
Rac8 21.Rac1 Be5 22.g3 Qf6 23.f4 
Bxc3 0-1

[Event "HCL-B3914"]
[Site "www.playchess.de"]
[Date "2006.03.19"]
[Round "4"]
[White "Mosselman"]
[Black "foinaven"]
[WhiteElo "1376"]
[BlackElo "1418"]
[PlyCount "94"]
[Result "1/2-1/2"]

1.e4 {hi, enjoy the game...}  c5 {We have many 
times before in another life.}  2.Nf3 {is that 
true? please explain?}  Nc6 {I changed my name 
here.}  3.d4 {ok, what was it before then?}  cxd4 
{peakbagger}  4.Nxd4 {ah ok, i remember that 
one... why did you change your name then?}  Nf6 
{Just got bored with it and wanted a fresh start.} 
 5.Nc3 e5 6.Ndb5 d6 7.Bg5 Be7 8.Bc4 a6 9.Bxf6 gxf6 
10.Na3 Be6 11.Nd5 f5 12.Qe2 f4 13.Nxe7 Qxe7 
14.O-O-O O-O-O 15.Bxe6+ fxe6 16.Qc4 Kb8 17.Rd2 Rd7 
18.Rhd1 Rhd8 19.Qb3 Qg5 20.f3 h5 21.Qxe6 Nd4 
22.Qc4 Rc7 23.Qb4 Qf6 24.c3 h4 25.h3 Rdc8 26.Kb1 
Nc6 27.Qxd6 Qxd6 {mmm 2 pawns down :-(}  28.R2xd6 
{well, one of them is worthless at the moment...}  
Rg7 29.R6d2 b5 30.Nc2 Rcg8 31.Rg1 Kc7 32.Kc1 a5 
33.Ne1 R7g6 34.Rd5 Kb6 35.a3 a4 36.Kc2 Na5 37.Rxe5 
Nc4 38.Rh5 Ne3+ 39.Kb1 Rd6 40.Nc2 Rd2 41.Nd4 Nxg2 
{Ver good move that. I will stuggle on a little 
more!}  42.Rxb5+ {yes, you got me worried for a 
bit, but i saw this one coming.}  Ka6 43.Kc1 Rxd4 
44.cxd4 {too much confidence is a bad thing... ;-) 
I should've seen thát coming!}  Kxb5 {Yes; but I 
know that N v 3 pawns is probably a lost position 
:-(}  45.d5 {hmmm, i've been know to make mistakes 
before...!}  Rc8+ 46.Kb1 Ne3 47.Rc1 {i think i 
have no choice...}  Nc4 {(offering draw) I'm proud 
of this contest...}  1/2-1/2

[Event "HCL-B3869"]
[Site "www.playchess.de"]
[Date "2006.03.19"]
[Round "9"]
[White "robert66"]
[Black "crackingchessmen"]
[WhiteElo "1405"]
[BlackElo "1200"]
[PlyCount "110"]
[Result "1/2-1/2"]

1.e4 c6 2.d4 d6 3.Nf3 Bg4 4.Be2 e6 5.c4 Nd7 6.Nc3 
e5 7.d5 Ngf6 {g8-f6 es una jugada válida....que 
pasa?}  8.Bg5 {??? No hice ningún comentario desde 
que empezamos, que te ocurre????}  c5 9.a4 Be7 
10.O-O O-O 11.Nb5 Nxe4 12.Bxe7 Qxe7 13.Qd3 f5 
14.Nd2 Bxe2 15.Qxe2 Ndf6 16.Rfe1 Nxd2 17.Qxd2 a6 
18.Nc3 Qf7 19.Ne2 g5 20.Qxg5+ Qg6 21.Qxg6+ hxg6 
22.Ng3 Kg7 23.h3 a5 24.Ne2 Rfh8 25.Nc3 Kf7 26.Nb5 
Ne8 27.f3 Rc8 28.Kh2 Ke7 29.g4 Nc7 30.Nxc7 Rxc7 
31.f4 e4 32.gxf5 gxf5 33.Re3 Kf6 34.Rb3 Rch7 
35.Rh1 Rg8 36.Rg3 Rg4 37.Rxg4 fxg4 38.Kg3 gxh3 
39.Rxh3 Rxh3+ 40.Kxh3 Kf5 41.Kg3 e3 42.Kf3 e2 
43.Kxe2 Kxf4 44.Kd3 {(offering draw)}  Kf3 45.b3 
{(offering draw)}  Kf4 46.Kd2 {(offering draw)}  
Ke4 47.Kc3 Ke3 48.Kc2 Ke2 49.Kc3 Kd1 50.Kd3 Kc1 
51.Ke4 Kc2 52.Kf5 Kxb3 53.Ke6 Kxc4 54.Kxd6 b5 
55.Kc6 bxa4 {(offering draw)}  1/2-1/2

[Event "HCL-C4187"]
[Site "www.playchess.de"]
[Date "2006.03.19"]
[Round "7"]
[White "JMD"]
[Black "gronico"]
[WhiteElo "1331"]
[BlackElo "1192"]
[PlyCount "75"]
[Result "1-0"]

1.d4 {bonjour}  g6 {salut !}  2.e4 Bg7 3.c3 d6 
4.Bc4 Nf6 5.f3 O-O 6.Ne2 Nc6 7.b4 e5 8.d5 Ne7 
9.Bg5 h6 10.Be3 c6 11.a4 cxd5 12.exd5 Bf5 13.Na3 
b6 14.g4 Nxg4 15.fxg4 Bxg4 16.Rg1 h5 17.Qd2 Nf5 
18.O-O-O a6 19.b5 a5 20.Rde1 Rc8 21.Ng3 Rxc4 
22.Nxc4 Nxe3 23.Nxe3 Bh6 24.Kb2 Qc7 25.Qd3 Rc8 
26.Nxg4 hxg4 27.Ne2 Bg7 28.Rxg4 f5 29.Rxg6 e4 
30.Qc2 Kf7 31.Reg1 Bxc3+ 32.Nxc3 Qc4 33.R6g7+ Kf6 
34.R7g6+ Ke5 35.Rd1 e3 36.Re6+ Kf4 37.Rf6 e2 
38.Qxf5+ 1-0

[Event "HCL-E1547"]
[Site "www.playchess.de"]
[Date "2006.03.19"]
[Round "6"]
[White "Badkarma"]
[Black "Jule"]
[WhiteElo "2098"]
[BlackElo "1393"]
[PlyCount "63"]
[Result "1-0"]

1.e4 {Hallo und viel Spaß!}  c5 {Danke sehr. 
Ebenfalls viel Unterhaltung bei dieser Partie}  
2.Nf3 d6 3.d4 cxd4 4.Nxd4 e5 5.Bb5+ Bd7 6.Bxd7+ 
Nxd7 7.Nf5 Nb6 8.Nc3 g6 9.Ne3 Nf6 10.O-O Bg7 11.a4 
a5 12.Qd3 O-O 13.Rd1 Ne8 14.Bd2 Nf6 15.Be1 Nc8 
16.Nc4 Ne8 17.Nd5 b6 18.f3 h6 19.Bf2 Rb8 20.Qb3 
Nf6 21.Nxa5 Nxd5 22.Nc6 Qg5 23.h4 Qh5 24.g4 Qxg4+ 
25.fxg4 Rb7 26.Qxd5 Re8 27.Qb5 Bf6 28.a5 Ne7 
29.Rxd6 Kg7 30.a6 Rc7 31.Rxf6 Kxf6 
32.Qxe5+ 1-0

[Event "HCL-C4190"]
[Site "www.playchess.de"]
[Date "2006.03.19"]
[Round "31"]
[White "dc"]
[Black "Skipper_Robert"]
[WhiteElo "852"]
[BlackElo "963"]
[PlyCount "69"]
[Result "1-0"]

1.e4 {:-)}  e5 2.d4 f6 3.d5 d6 4.Nc3 a6 5.f4 Nd7 
6.f5 g6 7.g4 g5 8.Be3 c6 9.Bc4 Nc5 10.Bxc5 dxc5 
11.Nf3 Nh6 12.Qe2 Nxg4 13.O-O-O b5 14.dxc6 Qc7 
15.Bd5 b4 16.h3 Bd6 17.hxg4 bxc3 18.b3 Qa5 19.a4 
Rb8 20.Nd2 Ke7 21.Nc4 Qc7 22.a5 h6 23.Rd3 Kf8 
24.Rxc3 Rb5 25.Kb2 Qd8 26.Nb6 Rxa5 27.b4 Qxb6 
28.Rb3 cxb4 29.Qc4 Ra3 30.Bf7 Qa5 31.Kc1 Ra1+ 
32.Rb1 Rh7 33.Bg6 Rd7 34.cxd7 Bxd7 35.Qf7+ {Nice 
game.}  1-0

[Event "HCL-C4130"]
[Site "www.playchess.de"]
[Date "2006.03.19"]
[Round "1"]
[White "ronan48"]
[Black "Milosforman"]
[WhiteElo "876"]
[BlackElo "944"]
[PlyCount "60"]
[Result "0-1"]

1.e4 {Bongoirno !}  c5 {bonjour}  2.c4 d6 3.Nc3 e6 
4.d3 Be7 5.Nf3 Nf6 6.a3 Nc6 7.Be3 Ng4 8.Be2 Nxe3 
9.fxe3 h6 10.d4 cxd4 11.exd4 e5 12.d5 Na5 13.O-O 
Nb3 14.Qxb3 O-O 15.a4 f5 16.a5 b6 17.a6 f4 18.Nh4 
Bxh4 19.Qb5 Bd7 20.Qb4 Rf6 21.Qa3 Rg6 22.Bf3 Bh3 
23.Kh1 Bc8 24.b4 Qc7 25.Bh5 Rg5 26.Bf3 Qxc4 27.b5 
Bg4 28.Ne2 Bxf3 29.Rxf3 Qxe2 30.Qxd6 Qxg2+ {?} 
 0-1

[Event "HCL-M835"]
[Site "www.playchess.de"]
[Date "2006.03.20"]
[Round "36"]
[White "Faroe_Bamsa"]
[Black "edmonte"]
[WhiteElo "2253"]
[BlackElo "2162"]
[PlyCount "71"]
[Result "1-0"]

1.e4 {Hi nice to meet you :o) I hope we will have 
a good and fair game. Good luck - May the best 
player win c",)}  e5 2.Nf3 Qe7 3.Bc4 Nf6 4.O-O g6 
5.d4 d6 6.dxe5 dxe5 7.Ng5 Be6 8.Nxe6 fxe6 9.Nc3 
Bg7 10.Qf3 Nc6 11.Bb5 O-O 12.Bxc6 bxc6 13.Qe2 Qb4 
14.a3 Qb6 15.Qc4 Rad8 16.Qxe6+ Rf7 17.Qh3 Rdf8 
18.Qe3 Rd7 19.Qe2 Rfd8 20.Rb1 Kh8 21.Be3 Qb7 22.b4 
R7d6 23.Bc5 R6d7 24.Rfd1 Qa8 25.Qc4 R7xd1+ 26.Rxd1 
Rxd1+ 27.Nxd1 Nd7 28.Be3 a5 29.Qf7 Nf8 30.Bc5 Qd8 
31.Nb2 Qd7 32.Qxd7 Nxd7 33.Be7 axb4 34.a4 Kg8 
35.a5 Nb8 36.Bxb4 1-0

[Event "HCL-B3945"]
[Site "www.playchess.de"]
[Date "2006.03.20"]
[Round "6"]
[White "rwdiamond"]
[Black "chessworm"]
[WhiteElo "1274"]
[BlackElo "1759"]
[PlyCount "30"]
[Result "0-1"]

1.e4 c5 2.Nf3 d6 3.g3 Bg4 4.Bg2 Nf6 5.d3 Nc6 6.O-O 
e6 7.c3 d5 8.exd5 Nxd5 9.Qb3 Qc7 10.Nbd2 O-O-O 
11.Ne4 h6 12.Nxc5 Bxc5 13.Bf4 Nxf4 14.gxf4 Qxf4 
15.Qd1 Ne5 0-1

[Event "HCL-C4190"]
[Site "www.playchess.de"]
[Date "2006.03.20"]
[Round "8"]
[White "Veltliner"]
[Black "epenz"]
[WhiteElo "1383"]
[BlackElo "937"]
[PlyCount "79"]
[Result "1-0"]

1.e3 e5 2.Nc3 d6 3.h3 Nc6 4.Bb5 a6 5.Bc4 b5 6.Bd5 
Bb7 7.Qh5 Qe7 8.Qf3 Qd7 9.a3 Nf6 10.d3 Be7 11.Nge2 
O-O 12.Bxc6 Bxc6 13.Qg3 h6 14.e4 a5 15.Bxh6 g6 
16.Bxf8 Kxf8 17.Qe3 b4 18.Nb1 bxa3 19.Nxa3 a4 
20.Qh6+ Ke8 21.Qh8+ Bf8 22.Qxf6 Qe7 23.Qxe7+ Bxe7 
24.O-O Kd7 25.f4 f5 26.exf5 gxf5 27.fxe5 Rf8 
28.exd6 Bxd6 29.Nb1 Be5 30.d4 Bg7 31.Nbc3 Rf6 
32.Nxa4 Rf8 33.Nc5+ Kd6 34.c3 Bh6 35.Nf4 Bxf4 
36.Rxf4 Ke7 37.Re1+ Kf7 38.Rxf5+ Kg8 39.g4 Kg7 
40.Ne6+ 1-0

[Event "HCL-E1525"]
[Site "www.playchess.de"]
[Date "2006.03.20"]
[Round "36"]
[White "PieceSeeker3"]
[Black "Emerson"]
[WhiteElo "1596"]
[BlackElo "1802"]
[PlyCount "78"]
[Result "0-1"]

1.e4 e5 2.Nf3 Qe7 3.Nc3 c6 4.d4 d6 5.Bd3 Nf6 6.b3 
Bg4 7.Be3 h6 8.dxe5 dxe5 9.O-O g5 10.h3 Bxf3 
11.Qxf3 Bg7 12.Ne2 Nbd7 13.Ng3 Nh7 14.Nf5 Qf6 
15.Rad1 Nb6 16.Bc5 Bf8 17.Bxf8 Nxf8 18.Bc4 Nxc4 
19.bxc4 Ne6 20.Nd6+ Ke7 21.Qa3 c5 22.Nxb7 Rhc8 
23.Rd5 Kf8 24.Rfd1 Kg8 25.R5d7 Rc6 26.Nd6 Nf8 
27.Rxf7 Qe6 28.Qd3 Rd8 29.Qf3 Rcxd6 30.Rf6 R6xd1+ 
31.Kh2 Qe7 32.Rxh6 R1d6 33.Rh5 Nh7 34.h4 Rf8 
35.Qe3 Qf7 36.Rxh7 Qxh7 37.Qxg5+ Rg6 38.Qxe5 Qxh4+ 
39.Kg1 Qxf2+ 0-1

[Event "HCL-A2606"]
[Site "www.playchess.de"]
[Date "2006.03.20"]
[Round "5"]
[White "hal1958"]
[Black "Kannsnich"]
[WhiteElo "1416"]
[BlackElo "1344"]
[PlyCount "55"]
[Result "1-0"]

1.b4 {have a nice game}  e5 2.Bb2 d6 3.e3 g6 4.Nf3 
Bg7 5.c4 Nf6 6.Be2 O-O 7.O-O Nc6 8.a3 Ne8 9.d3 f5 
10.Nbd2 Nf6 11.h3 Re8 12.Nb3 e4 13.dxe4 Nxe4 
14.Bxg7 Kxg7 15.Nbd4 Nxd4 16.Qxd4+ Qf6 17.Qxf6+ 
Kxf6 18.Bd3 Bd7 19.Bxe4 Rxe4 20.Rac1 Rc8 21.Nd2 
Re7 22.Rfd1 Ba4 23.Rde1 Bc6 24.b5 Bd7 25.a4 Rce8 
26.Nf3 Bc8 27.Red1 R7e4 28.Rd4 1-0

[Event "HCL-A2633"]
[Site "www.playchess.de"]
[Date "2006.03.20"]
[Round "7"]
[White "hal1958"]
[Black "dayan2"]
[WhiteElo "1403"]
[BlackElo "1470"]
[PlyCount "52"]
[Result "0-1"]

1.b4 {have a nice game}  e5 2.Bb2 Bxb4 3.Bxe5 Nf6 
4.e3 O-O 5.Nf3 d6 6.Bb2 Re8 7.c4 Nc6 8.h3 Be6 
9.Be2 d5 10.cxd5 Nxd5 11.O-O a6 12.a3 Be7 13.Nc3 
Bf6 14.d4 Nce7 15.Bc4 Nxc3 16.Bxc3 Bxc4 17.Re1 c5 
18.Qa4 b5 19.Qa5 Qxa5 20.Bxa5 Nc6 21.Bb6 cxd4 
22.exd4 Bd5 23.Rxe8+ Rxe8 24.Rd1 Bxf3 25.gxf3 Bxd4 
26.Bc7 h6 0-1

[Event "HCL-B3921"]
[Site "www.playchess.de"]
[Date "2006.03.20"]
[Round "5"]
[White "WStanEvans"]
[Black "mc"]
[WhiteElo "1383"]
[BlackElo "1500"]
[PlyCount "63"]
[Result "0-1"]

1.e4 {Hello!}  e5 {Howdy}  2.Nf3 Nc6 3.Bc4 
{Hello!}  Nf6 {greetings}  4.d3 Be7 5.O-O d6 6.c3 
Na5 {This position is giving me a headache.  
Wanted to castle but then again I needed to 
neutralize your bishop.  Not easy decision here... 
we'll see how it turns out...}  7.Bb5+ c6 8.Ba4 b5 
{Our Italian Game opening is slowly transforming 
into a closed Ruy Lopez :-)}  9.Bc2 c5 10.Re1 O-O 
11.d4 Nd7 12.dxe5 Nxe5 13.Nxe5 dxe5 14.Qxd8 Rxd8 
15.Nd2 Bb7 16.Nf1 Rd7 17.b3 Rad8 18.f3 g6 19.Be3 
Ba8 20.Ng3 b4 21.cxb4 cxb4 22.Nf1 Nc6 23.Rac1 Nd4 
24.Bb1 a5 25.Bxd4 R7xd4 26.Rc7 Kf8 {wow... at this 
rate, we are playing blitz in a correspondence 
game :-)}  27.Ra7 Bc5 28.Rxa5 Rxe4+ 29.Rxc5 Rxe1 
30.Bc2 Bb7 31.Kf2 Rc1 32.Ke2 0-1

[Event "HCL-M883"]
[Site "www.playchess.de"]
[Date "2006.03.20"]
[Round "9"]
[White "Emerson"]
[Black "temple"]
[WhiteElo "1802"]
[BlackElo "1731"]
[PlyCount "85"]
[Result "1-0"]

1.c4 {let´s have another good game!}  e5 {OK}  
2.Nc3 f5 3.e4 fxe4 4.Nxe4 Nf6 5.Nxf6+ Qxf6 6.d3 
Bc5 7.Nf3 O-O 8.Be2 d6 9.O-O Bg4 10.h3 Bh5 11.Bg5 
Qf7 12.Be3 Nd7 13.Qd2 Bxf3 14.Bxf3 c6 15.b4 Bd4 
16.Rab1 Rab8 17.b5 d5 18.Bxd4 exd4 19.bxc6 bxc6 
20.Rxb8 Rxb8 21.cxd5 cxd5 22.Qa5 Nb6 23.Re1 Rc8 
24.Qb4 Re8 25.Rxe8+ Qxe8 26.Qxd4 Qe1+ 27.Kh2 Qe6 
28.a4 Qd6+ 29.Kg1 a5 30.g3 g6 31.Bg2 h6 32.f4 Kh7 
33.g4 Nd7 34.Qxd5 Qxd5 35.Bxd5 Nc5 36.Kf2 Nxa4 
37.Ke3 Nb6 38.Kd4 a4 39.Bc4 a3 40.Kc3 Kg7 41.Kb3 
Kf6 42.Kxa3 Nd7 43.d4 1-0

[Event "HCL-C4077"]
[Site "www.playchess.de"]
[Date "2006.03.20"]
[Round "6"]
[White "SECOND"]
[Black "teleko"]
[WhiteElo "800"]
[BlackElo "800"]
[PlyCount "39"]
[Result "1-0"]

1.e4 e5 2.Nf3 Nc6 3.Bb5 a6 4.Ba4 Nf6 5.O-O Bc5 
6.c3 Nxe4 7.Bxc6 bxc6 8.Nxe5 O-O 9.d4 Bd6 10.Re1 
f5 11.Qb3+ Kh8 12.Nf7+ Rxf7 13.Qxf7 c5 14.Qxf5 Bb7 
15.Rxe4 g6 16.Qg4 h5 17.Qxg6 Bxe4 18.Qxe4 cxd4 
{(offering draw)}  19.Qxd4+ Kh7 {(offering draw)}  
20.Nd2 1-0

[Event "HCL-M883"]
[Site "www.playchess.de"]
[Date "2006.03.20"]
[Round "5"]
[White "temple"]
[Black "SSOF"]
[WhiteElo "1731"]
[BlackElo "1904"]
[PlyCount "33"]
[Result "1-0"]

1.d4 {Hello from Canada,good luck.}  d5 {Hello 
from Winter games  Place: Torino! Let's divide  
the luck.}  2.c4 {I'm looking forward to watch 
games on tv.}  dxc4 3.e4 e5 4.d5 Nf6 5.Nc3 Bc5 
6.Bxc4 Ng4 7.Nh3 f5 8.O-O O-O 9.Qe2 f4 10.Kh1 Kh8 
11.f3 Ne3 12.Bxe3 Bxe3 13.Nf2 a6 14.Nd3 Qd6 15.Ne1 
b5 16.Bb3 Bd4 17.Nc2 1-0

[Event "HCL-M883"]
[Site "www.playchess.de"]
[Date "2006.03.20"]
[Round "11"]
[White "SSOF"]
[Black "Emerson"]
[WhiteElo "1904"]
[BlackElo "1802"]
[PlyCount "28"]
[Result "0-1"]

1.e4 {Hello from winter games place!}  d6 {also 
welcome and greetings from Dortmund/Germany. We 
only have often rainy winters    :-((}  2.d4 
{Instead the weather is too good and warm; no 
snow; an olimpic disaster}  Nf6 {o, that is 
surprising: I remember that some days ago there as 
on TV a report that there is TOO MUCH snow. Or am 
I wrong?}  3.Bd3 {Too much snow in the center and 
south. Almost no snow in the north expecially in 
my region. The clouds from west where stopped by 
franch mountains and clouds from east left the 
snow before getting here}  e5 {yesterday winter 
has returned to us with rain, snow and 
ice
:-((}  4.c3 Be7 5.Nf3 Bg4 6.Qb3 b6 7.dxe5 dxe5 
8.Bc4 Bxf3 9.Bxf7+ Kf8 10.gxf3 Nc6 11.Be6 Qd6 
12.Bh3 Rd8 13.Be3 Na5 14.Qc2 Nc4 0-1

[Event "HCL-M897"]
[Site "www.playchess.de"]
[Date "2006.03.20"]
[Round "7"]
[White "steinzell"]
[Black "vvv_v"]
[WhiteElo "1756"]
[BlackElo "1872"]
[PlyCount "44"]
[Result "1/2-1/2"]

1.Nf3 {good luck}  c5 2.c4 Nc6 3.Nc3 e6 4.e3 d5 
5.d4 dxc4 6.Bxc4 Nf6 7.O-O Be7 8.a3 O-O 9.dxc5 
Bxc5 10.b4 Bb6 11.Bb2 Qe7 12.Qc2 h6 13.Rad1 Bd7 
14.Na4 Be8 15.Nxb6 axb6 16.Ba2 Rc8 17.Bb1 Ne5 
18.Qe2 Nxf3+ 19.Qxf3 Bc6 20.Bxf6 Qxf6 21.Qxf6 gxf6 
22.Rdc1 Rfd8 {(offering draw)} 
 1/2-1/2

[Event "HCL-B3877"]
[Site "www.playchess.de"]
[Date "2006.03.20"]
[Round "15"]
[White "tbouma"]
[Black "seisan"]
[WhiteElo "1151"]
[BlackElo "1441"]
[PlyCount "37"]
[Result "1-0"]

1.d4 d5 {hi}  2.Bf4 c6 3.e3 Nf6 4.c3 e6 5.Nf3 Be7 
6.Ne5 O-O 7.Bd3 Nbd7 8.Nd2 b5 9.Ndf3 Qb6 10.Ng5 h6 
11.Ngf3 a5 12.O-O Ba6 13.Nxd7 Nxd7 14.Ne5 Nxe5 
15.Bxe5 c5 16.Qg4 f6 17.Qg6 Rfd8 18.Qh7+ Kf8 
19.Bg6 1-0

[Event "HCL-B3879"]
[Site "www.playchess.de"]
[Date "2006.03.20"]
[Round "7"]
[White "RUDI"]
[Black "slavi"]
[WhiteElo "1234"]
[BlackElo "1534"]
[PlyCount "86"]
[Result "0-1"]

1.c4 Nf6 2.d4 e6 3.Nc3 Bb4 4.Bd2 O-O 5.e3 Bxc3 
6.Bxc3 Ne4 7.Qd3 d5 8.cxd5 exd5 9.Be2 Bf5 10.Qd1 
a6 11.Nf3 c6 12.Bd2 Qb6 13.b3 Nd7 14.O-O Rac8 
15.Rc1 Ndf6 16.Ne5 Nxd2 17.Qxd2 Ne4 18.Qd1 f6 
19.Nd3 Rfe8 20.Qc2 Qc7 21.Qb2 g5 22.Bh5 Re7 23.f3 
Nd6 24.Nc5 Rxe3 25.Rce1 Rxe1 26.Rxe1 Nf7 27.Qa3 
Qd6 28.Qc1 Qc7 29.Re3 a5 30.Qe1 b6 31.Re8+ Rxe8 
32.Qxe8+ Kg7 33.g4 bxc5 34.dxc5 Bg6 35.Bxg6 hxg6 
36.a4 Ne5 37.Kg2 Qa7 38.Qe6 Qxc5 39.Qe8 d4 40.Qc8 
Qd6 41.Qb7+ Qd7 42.Qxd7+ Nxd7 43.Kf2 
c5 0-1

[Event "HCL-C4215"]
[Site "www.playchess.de"]
[Date "2006.03.20"]
[Round "7"]
[White "simple"]
[Black "sonnenschein"]
[WhiteElo "767"]
[BlackElo "1200"]
[PlyCount "67"]
[Result "1-0"]

1.e4 e5 2.Nf3 Nc6 3.Nc3 {Good Saturday!}  Nf6 
{Thanks}  4.Bc4 d5 5.exd5 e4 6.Ng5 Na5 7.Be2 Nxd5 
8.Ngxe4 Nxc3 9.Nxc3 Bb4 10.a3 Bxc3 11.bxc3 Bf5 
12.d4 Nc4 13.Bxc4 Qe7+ 14.Be3 O-O-O 15.O-O Qe4 
16.Bd3 Qd5 17.Bxf5+ Qxf5 18.g4 Qe4 19.Re1 h5 20.g5 
Rhe8 21.Bd2 Qg4+ 22.Qxg4+ hxg4 23.Rxe8 Rxe8 24.Re1 
Rxe1+ 25.Bxe1 f5 26.f4 Kd7 27.d5 Kd6 28.c4 c5 
29.g6 a6 30.a4 Ke7 31.h4 Kd7 32.h5 Kd6 33.h6 gxh6 
34.g7 1-0

[Event "HCL-C4185"]
[Site "www.playchess.de"]
[Date "2006.03.20"]
[Round "1"]
[White "The_Alcoholic"]
[Black "Henri"]
[WhiteElo "800"]
[BlackElo "744"]
[PlyCount "63"]
[Result "1-0"]

1.e4 e5 {Bonjour et Bonne Partie}  2.Nf3 Nc6 3.Bc4 
d6 4.d3 Nf6 5.Nc3 Be7 6.Be3 O-O 7.O-O Bg4 8.Nd5 
Nxd5 9.Bxd5 b6 10.Qd2 h6 11.Nh4 Bxh4 12.g3 Bf6 
13.Bxc6 Rb8 14.Rfe1 Bd7 15.Qc3 Bxc6 16.Qxc6 a5 
17.Qc3 c5 18.a3 d5 19.Red1 d4 20.Qd2 Rc8 21.b4 
dxe3 22.Qxe3 cxb4 23.axb4 axb4 24.Ra6 b5 25.d4 
exd4 26.Qb3 Qe7 27.Kf1 Qxe4 28.f3 Qe3 29.Kg2 Qe2+ 
30.Kh3 Qxd1 31.Ra7 Qxf3 32.Qxf3 1-0

[Event "HCL-B3825"]
[Site "www.playchess.de"]
[Date "2006.03.20"]
[Round "9"]
[White "scotty4u"]
[Black "thinkchess"]
[WhiteElo "1336"]
[BlackElo "1500"]
[PlyCount "47"]
[Result "1-0"]

1.e4 g6 2.Nc3 Bg7 3.Nge2 c5 4.g3 Nf6 5.Bg2 Nc6 
6.d3 d6 7.O-O O-O 8.Be3 Bg4 9.f3 Be6 10.d4 cxd4 
11.Nxd4 Nxd4 12.Bxd4 Bc4 13.Re1 e5 14.Bf2 b5 
15.Nd5 Nxd5 16.b3 Nc3 17.Qd2 Nxe4 18.Rxe4 Be6 
19.Rd1 d5 20.Ree1 a6 21.Be3 f5 22.Bh6 Qb6+ 23.Be3 
d4 24.Bf2 1-0

[Event "HCL-E1554"]
[Site "www.playchess.de"]
[Date "2006.03.20"]
[Round "3"]
[White "q77ro"]
[Black "Baldrick"]
[WhiteElo "1533"]
[BlackElo "1700"]
[PlyCount "56"]
[Result "0-1"]

1.e4 Nf6 2.e5 Nd5 3.c4 Nb6 4.c5 Nd5 5.Bc4 e6 
6.Bxd5 exd5 7.Qb3 Bxc5 8.Qxd5 d6 9.Nf3 c6 10.Qe4 
O-O 11.O-O Re8 12.d4 d5 13.Qf4 Be7 14.Qg3 Kh8 
15.Bg5 Bf5 16.Nc3 Nd7 17.Bxe7 Qxe7 18.Nh4 Be6 
19.f4 g6 20.Rae1 Bf5 21.Nxf5 gxf5 22.Qh3 Qe6 
23.Rf3 Reg8 24.Ree3 Rg6 25.g3 Rh6 26.Qf1 Rg8 
27.Na4 Qe7 28.a3 Nf8 0-1

[Event "HCL-A2629"]
[Site "www.playchess.de"]
[Date "2006.03.20"]
[Round "32"]
[White "Matu"]
[Black "nico21"]
[WhiteElo "1535"]
[BlackElo "1513"]
[PlyCount "101"]
[Result "1-0"]

1.Nf3 Nc6 2.b3 d6 3.Bb2 e6 4.e3 a6 5.d4 Nf6 6.c4 
d5 7.Nbd2 Bb4 8.a3 Be7 9.b4 dxc4 10.Nxc4 b5 
11.Nce5 Nxe5 12.Nxe5 Bb7 13.Rc1 O-O 14.Nc6 Bxc6 
15.Rxc6 Qd7 16.Qc1 Rfc8 17.Be2 h6 18.Bf3 Ra7 
19.O-O Nd5 20.e4 Nb6 21.Rd1 Nc4 22.d5 exd5 23.exd5 
Bg5 24.Qc3 Bf6 25.Rxf6 Nxb2 26.Rxf7 Kxf7 27.Qxb2 
Rd8 28.Qd4 Raa8 29.d6 Qxd6 30.Qxd6 cxd6 31.Bxa8 
Rxa8 32.Rxd6 a5 33.g3 axb4 34.axb4 Ra1+ 35.Kg2 Rb1 
36.Rd5 Ke6 37.Rxb5 Kd6 38.Rb8 Ke6 39.b5 Kd6 40.b6 
Rb5 41.g4 Kc6 42.h4 Rxb6 43.Rxb6+ Kxb6 44.Kf3 Kc6 
45.Kf4 Kd6 46.Kf5 Ke7 47.Kg6 Kf8 48.f4 Kg8 49.f5 
Kh8 50.Kf7 Kh7 51.g5 1-0

[Event "HCL-E1598"]
[Site "www.playchess.de"]
[Date "2006.03.20"]
[Round "6"]
[White "gadnoto"]
[Black "Horst"]
[WhiteElo "1864"]
[BlackElo "2100"]
[PlyCount "87"]
[Result "1/2-1/2"]

1.e4 d5 2.exd5 Qxd5 3.Nc3 Qa5 4.Nf3 Nf6 5.d4 c6 
6.Bd3 Bf5 7.O-O e6 8.Ne5 Bxd3 9.Qxd3 Be7 10.Qg3 
Kf8 11.f4 Qb4 12.Qe3 c5 13.a3 Qxd4 14.Qxd4 cxd4 
15.Nb5 Na6 16.Nxd4 Bc5 17.c3 Ke7 18.b4 Bxd4+ 
19.cxd4 Rhd8 20.Bb2 Rac8 21.Rae1 Rc2 22.Rf2 Rdc8 
23.b5 Rxf2 24.Kxf2 Rc2+ 25.Re2 Rxe2+ 26.Kxe2 Nc7 
27.a4 Nfd5 28.Kf3 a6 29.Ba3+ Ke8 30.bxa6 bxa6 
31.Nc4 f5 32.Bd6 Kd7 33.Be5 Ne8 34.h3 Nc3 35.a5 
Kc6 36.g4 Kb5 37.Nb6 Kxa5 38.Nd7 Nd5 39.Nf8 fxg4+ 
40.hxg4 Ndc7 41.Nxh7 Kb5 42.f5 exf5 43.gxf5 Kc6 
44.Ke4 {(offering draw)}  1/2-1/2